| Tag |
First Indicator |
Second Indicator |
Subfields |
| LEADER |
00000cam a22000001a 4500 |
| 001 |
in00003668607 |
| 005 |
20190408174750.0 |
| 006 |
m o d f |
| 007 |
cr bn mmmapmmp |
| 008 |
141203s1930 dcu o f000 0 eng d |
| 035 |
|
|
|a ebd1910202559
|
| 040 |
|
|
|a UMI
|c UMI
|d UtOrBLW
|
| 086 |
0 |
|
|a C 18.116:29
|
| 099 |
|
|
|a C18.116-1.29
|
| 110 |
1 |
|
|a United States.
|b Department of Commerce.
|0 http://id.loc.gov/authorities/names/n79071034
|
| 245 |
1 |
0 |
|a Educational films censored in Germany during 2nd quarter of 1930.
|
| 264 |
|
1 |
|a [Washington] :
|b [publisher not identified],
|c 1930.
|
| 300 |
|
|
|a 1 online resource (2 pages)
|
| 336 |
|
|
|a text
|b txt
|2 rdacontent
|
| 337 |
|
|
|a computer
|b c
|2 rdamedia
|
| 338 |
|
|
|a online resource
|b cr
|2 rdacarrier
|
| 533 |
|
|
|a Electronic reproduction.
|b [Bethesda, Md.] :
|c ProQuest,
|d 2014.
|e digital, PDF file.
|n ProQuest U.S. Executive Branch Documents
|n Mode of access: World Wide Web via ProQuest website.
|
| 588 |
|
|
|a Record is based on online resource; title from PDF title page (ProQuest, last viewed Dec. 2014). Reuse except for individual research requires license from ProQuest, LLC.
|
| 500 |
|
|
|a Electronic resource.
|
| 650 |
|
0 |
|a Censorship.
|0 http://id.loc.gov/authorities/subjects/sh85021828
|
| 651 |
|
0 |
|a Germany.
|0 http://id.loc.gov/authorities/names/n80125931
|
| 655 |
|
7 |
|a Electronic books.
|2 local
|
| 856 |
4 |
0 |
|u http://proxy.library.tamu.edu/login?url=http://congressional.proquest.com/congressional/docview/t66.d71.c18.116-1.29
|z Connect to the full text of this electronic document
|t 0
|
| 999 |
f |
f |
|s 18c1e710-7997-34b4-9b35-da6f806a17aa
|i 55580c51-912e-386b-b45b-3cd32919d5a9
|t 0
|
| 952 |
f |
f |
|a Texas A&M University
|b College Station
|c Electronic Resources
|d Available Online
|t 0
|h No information provided
|
| 998 |
f |
f |
|t 0
|l Available Online
|